<?xml version="1.0" encoding="UTF-8"?>
<record
    xmlns:xsi="http://www.w3.org/2001/XMLSchema-instance"
    xsi:schemaLocation="http://www.loc.gov/MARC21/slim http://www.loc.gov/standards/marcxml/schema/MARC21slim.xsd"
    xmlns="http://www.loc.gov/MARC21/slim">

  <leader>00871nam a22002057a 4500</leader>
  <controlfield tag="001">2742</controlfield>
  <controlfield tag="003">HMS</controlfield>
  <controlfield tag="005">20260409104718.0</controlfield>
  <controlfield tag="008">250905e1959    cl a|||gr|||| 00| p spa  </controlfield>
  <datafield tag="040" ind1=" " ind2=" ">
    <subfield code="a">hms</subfield>
    <subfield code="b">spa</subfield>
    <subfield code="c">hms</subfield>
  </datafield>
  <datafield tag="082" ind1="0" ind2="4">
    <subfield code="a">Ch861</subfield>
    <subfield code="b">M821</subfield>
  </datafield>
  <datafield tag="245" ind1="1" ind2="4">
    <subfield code="a">Las andanzas de Pepita Canela /</subfield>
    <subfield code="c">Sylvia Moore ; Portada e ilustraciones de Monica Lihn.</subfield>
    <subfield code="h">[libro]</subfield>
  </datafield>
  <datafield tag="250" ind1=" " ind2=" ">
    <subfield code="a">Primera edici&#xF3;n 1957</subfield>
  </datafield>
  <datafield tag="260" ind1=" " ind2=" ">
    <subfield code="a">Santiago de Chile :</subfield>
    <subfield code="b">Empresa Editorial Zig-Zag,</subfield>
    <subfield code="c">1957</subfield>
  </datafield>
  <datafield tag="300" ind1=" " ind2=" ">
    <subfield code="a">108 p&#xE1;ginas ;</subfield>
    <subfield code="c">21 cm.</subfield>
  </datafield>
  <datafield tag="490" ind1="0" ind2=" ">
    <subfield code="a">Biblioteca Infantil / Serie Azul</subfield>
  </datafield>
  <datafield tag="505" ind1=" " ind2=" ">
    <subfield code="a">Las andanzas de Pepita Canela -- El Lago Plateado -- El Lago Violeta -- El Lago Amarillo -- El Lago Rojo -- La baba del Payaso -- El Lago Rosado -- El Retorno a su casa -- El Lago Celeste -- El Reino de Mireya -- El Reino de las Hadas.</subfield>
  </datafield>
  <datafield tag="650" ind1=" " ind2="7">
    <subfield code="a">Poes&#xED;as infantiles chilenas</subfield>
    <subfield code="9">4184</subfield>
  </datafield>
  <datafield tag="942" ind1=" " ind2=" ">
    <subfield code="2">ddc</subfield>
    <subfield code="c">COL GRAL</subfield>
    <subfield code="n">0</subfield>
  </datafield>
  <datafield tag="999" ind1=" " ind2=" ">
    <subfield code="c">2742</subfield>
    <subfield code="d">2742</subfield>
  </datafield>
  <datafield tag="952" ind1=" " ind2=" ">
    <subfield code="0">0</subfield>
    <subfield code="1">0</subfield>
    <subfield code="2">ddc</subfield>
    <subfield code="4">0</subfield>
    <subfield code="7">0</subfield>
    <subfield code="8">Col. Res.</subfield>
    <subfield code="a">BHMS</subfield>
    <subfield code="b">BHMS</subfield>
    <subfield code="c">Full Space</subfield>
    <subfield code="d">2025-09-05</subfield>
    <subfield code="i">001245</subfield>
    <subfield code="l">0</subfield>
    <subfield code="o">Ch861 M821 1957 </subfield>
    <subfield code="p">001245</subfield>
    <subfield code="r">2025-09-05 09:21:00</subfield>
    <subfield code="t">c.1</subfield>
    <subfield code="w">2025-09-05</subfield>
    <subfield code="y">CP</subfield>
  </datafield>
</record>
